[Event "GBR-ch61"]
[Site "Clacton"]
[Date "1974.08.10"]
[Round "6"]
[White "Wise, Derek Maurice"]
[Black "Knox, Victor W"]
[Result "0-1"]
[WhiteElo "2200"]
[BlackElo "2200"]
[PlyCount "118"]
[EventDate "1974.08.05"]
[EventType "swiss"]
[EventRounds "11"]
[EventCountry "GBR"]
[SourceTitle "BritBase"]
[SourceQuality "2"]

1. e4 e5 2. Nf3 Nc6 3. Bb5 a6 4. Ba4 d6 5. O-O Bg4 6. h3 h5 7. d4 b5 8. Bb3
Nxd4 9. hxg4 hxg4 10. Ng5 Nh6 11. c3 Nxb3 12. axb3 Be7 13. Qd5 O-O 14. Qd2 c6
15. f3 Qc8 16. fxg4 Qxg4 17. Qe3 Bxg5 18. Qxg5 Qxe4 19. Nd2 Qc2 20. Qh5 f5 21.
Qd1 Qxd1 22. Rxd1 f4 23. b4 Nf5 24. Ne4 Rfd8 25. Ng5 Re8 26. Ne4 Re6 27. Re1
Rg6 28. Kf2 Kf7 29. Nxd6+ Nxd6 30. Rxe5 Rf6 31. Kf3 Nc4 32. Re2 g5 33. b3 Nb6
34. Rea2 Nd5 35. Rxa6 Re8 36. Ra7+ Kg6 37. c4 bxc4 38. bxc4 Nxb4 39. Bd2 Nd3
40. Ra8 Ne5+ 41. Kf2 Rxa8 42. Rxa8 Nxc4 43. Bc3 Re6 44. Ra4 Ne3 45. Bd4 Re4 46.
Kf3 Kf5 47. Ra5+ Nd5 48. Ba7 g4+ 49. Kf2 Rc4 50. Ra2 Nc3 51. Ra5+ Nb5 52. Bb8
g3+ 53. Kf1 Rc1+ 54. Ke2 Rc2+ 55. Kf1 Rf2+ 56. Kg1 Re2 57. Kf1 Re8 58. Bd6 Rd8
59. Bc7 Rd5 0-1

[Event "GBR-ch61"]
[Site "Clacton"]
[Date "1974.08.12"]
[Round "7"]
[White "Bennett, Gerald H"]
[Black "Swanson, Stephen"]
[Result "1-0"]
[WhiteElo "2200"]
[BlackElo "2200"]
[PlyCount "75"]
[EventDate "1974.08.05"]
[EventType "swiss"]
[EventRounds "11"]
[EventCountry "GBR"]
[SourceTitle "BritBase"]
[SourceQuality "2"]

1. d4 Nf6 2. c4 d6 3. Nc3 c6 4. e4 e5 5. Nf3 Nbd7 6. Be2 Be7 7. O-O O-O 8. Qc2
a5 9. Rd1 exd4 10. Nxd4 Re8 11. Bf4 Bf8 12. Nf5 Ne5 13. Nxd6 Bxd6 14. c5 Nd5
15. exd5 Bxc5 16. dxc6 Qf6 17. Nd5 Qxc6 18. Rac1 b6 19. Bxe5 Rxe5 20. Bf3 Bf5
21. Ne7+ Rxe7 22. Qxf5 Qc8 23. Bxa8 Qxa8 24. Re1 Re8 25. Rxe8+ Qxe8 26. Rd1 Qe2
27. Rd8+ Bf8 28. Qb1 g6 29. b3 h5 30. h3 Qe5 31. Qd1 Qc5 32. Qd2 Qc7 33. Qd4
Qc1+ 34. Kh2 Qc7+ 35. g3 Qc6 36. a4 Qe6 37. Rb8 Qxb3 38. Qd6 1-0

[Event "GBR-ch61"]
[Site "Clacton"]
[Date "1974.08.12"]
[Round "7"]
[White "Clarke, Peter Hugh"]
[Black "Wise, Derek Maurice"]
[Result "1/2-1/2"]
[WhiteElo "2355"]
[BlackElo "2200"]
[PlyCount "93"]
[EventDate "1974.08.05"]
[EventType "swiss"]
[EventRounds "11"]
[EventCountry "GBR"]
[SourceTitle "BritBase"]
[SourceQuality "2"]

1. c4 e5 2. e3 Nf6 3. a3 Be7 4. b4 d5 5. Bb2 Nbd7 6. d3 c6 7. Nf3 Bd6 8. Nc3
O-O 9. g3 b6 10. Bg2 Bb7 11. O-O Qe7 12. Nd2 Qe6 13. Qe2 c5 14. b5 Rab8 15.
cxd5 Nxd5 16. Nxd5 Bxd5 17. Bxd5 Qxd5 18. Nc4 Bc7 19. e4 Qe6 20. Kg2 Rfd8 21.
a4 Nf8 22. Bc3 Rd7 23. Rfd1 f6 24. f3 Qe8 25. Qc2 Ne6 26. Ne3 Bd8 27. Nd5 Nc7
28. Ne3 Ne6 29. Qa2 Kh8 30. Nd5 Nc7 31. Nxc7 Bxc7 32. Qc4 Qd8 33. Kf2 h6 34.
Ke2 Qe8 35. g4 Kh7 36. Rd2 Qd8 37. h4 Qe7 38. Rg1 Qe8 39. Kd1 Bd8 40. Kc2 Qf7
41. Qxf7 Rxf7 42. Kb3 Rc8 43. Kc4 Rd7 44. Rf2 Bc7 45. g5 Rf8 46. Rg3 g6 47.
gxh6 1/2-1/2

[Event "GBR-ch61"]
[Site "Clacton"]
[Date "1974.08.12"]
[Round "7"]
[White "Eley, Brian Ratcliffe"]
[Black "Sinclair, Ian J"]
[Result "0-1"]
[WhiteElo "2350"]
[BlackElo "2200"]
[PlyCount "92"]
[EventDate "1974.08.05"]
[EventType "swiss"]
[EventRounds "11"]
[EventCountry "GBR"]
[SourceTitle "BritBase"]
[SourceQuality "2"]

1. e4 c5 2. Nc3 Nc6 3. f4 g6 4. Nf3 Bg7 5. Bc4 e6 6. f5 gxf5 7. O-O fxe4 8.
Nxe4 d5 9. Nfg5 Nh6 10. Qh5 O-O 11. Nf6+ Bxf6 12. d4 dxc4 13. Qxh6 Bxg5 14.
Bxg5 Qxd4+ 15. Kh1 f5 16. Rf3 Qg7 17. Qh4 Ne5 18. Bh6 Ng6 19. Qh5 Qxb2 20. Rd1
Bd7 21. Rg3 Be8 22. Bxf8 Kxf8 23. Qxh7 Qg7 24. Qh5 Rc8 25. Qe2 Qf6 26. Qxc4 b6
27. h3 Qe5 28. Qd3 Nf4 29. Qd2 Bc6 30. Rf1 Nxg2 31. Qh6+ Ke7 32. Rg7+ Kd6 33.
Rd1+ Bd5 34. Rxg2 Kc6 35. Rxd5 Qxd5 36. Qg7 Rc7 37. Qf6 Qe4 38. Kh2 Rd7 39. Qh6
Qe5+ 40. Rg3 Qe2+ 41. Rg2 Qe5+ 42. Kg1 Rd1+ 43. Kf2 f4 44. Kf3 Qd5+ 45. Kxf4
Qxg2 46. Qxe6+ Kc7 0-1

[Event "GBR-ch61"]
[Site "Clacton"]
[Date "1974.08.12"]
[Round "7"]
[White "Hardy, Otto H"]
[Black "Penrose, Jonathan"]
[Result "0-1"]
[WhiteElo "2200"]
[BlackElo "2450"]
[PlyCount "54"]
[EventDate "1974.08.05"]
[EventType "swiss"]
[EventRounds "11"]
[EventCountry "GBR"]
[SourceTitle "BritBase"]
[SourceQuality "2"]

1. d4 c5 2. d5 e5 3. e4 d6 4. Nc3 g6 5. Be2 Bg7 6. g4 Nd7 7. a4 Ne7 8. Bg5 h6
9. Be3 a6 10. Qd2 Nf6 11. g5 hxg5 12. Bxg5 Bd7 13. f3 Nh5 14. Kf2 f6 15. Be3 f5
16. Bg5 f4 17. h4 Qa5 18. Bxe7 Kxe7 19. Nh3 Ng3 20. Rh2 Rxh4 21. Nxf4 Rxh2+ 22.
Kxg3 Bh6 23. Nxg6+ Kf6 24. f4 Kxg6 25. f5+ Kf6 26. Qe1 Bf4+ 27. Kf3 Be8 0-1

[Event "GBR-ch61"]
[Site "Clacton"]
[Date "1974.08.12"]
[Round "7"]
[White "Hempson, Peter W"]
[Black "Haygarth, Michael J"]
[Result "1/2-1/2"]
[WhiteElo "2200"]
[BlackElo "2200"]
[PlyCount "55"]
[EventDate "1974.08.05"]
[EventType "swiss"]
[EventRounds "11"]
[EventCountry "GBR"]
[SourceTitle "BritBase"]
[SourceQuality "2"]

1. d4 Nf6 2. c4 e6 3. Nc3 Bb4 4. a3 Bxc3+ 5. bxc3 c5 6. f3 d6 7. e4 Nc6 8. Be3
Qa5 9. Kf2 e5 10. d5 Ne7 11. Qb3 Nd7 12. Bd3 O-O 13. g4 Nb6 14. Ne2 Qa4 15. Qa2
f6 16. h4 Bd7 17. Ng3 g6 18. Rh2 Rf7 19. Kg1 Kh8 20. h5 g5 21. Rb2 Be8 22. Nf1
Rc8 23. Bd2 Rc7 24. Ne3 Qd7 25. Bc2 Qd8 26. a4 Nbc8 27. Qb1 Ng8 28. Bd1 1/2-1/2

[Event "GBR-ch61"]
[Site "Clacton"]
[Date "1974.08.12"]
[Round "7"]
[White "Holloway, Nigel J"]
[Black "Botterill, George Steven"]
[Result "1/2-1/2"]
[WhiteElo "2200"]
[BlackElo "2410"]
[PlyCount "53"]
[EventDate "1974.08.05"]
[EventType "swiss"]
[EventRounds "11"]
[EventCountry "GBR"]
[SourceTitle "BritBase"]
[SourceQuality "2"]

1. Nf3 Nf6 2. c4 e6 3. g3 d5 4. Bg2 Be7 5. O-O dxc4 6. Qa4+ Nbd7 7. Qxc4 a6 8.
Qc2 O-O 9. d4 c5 10. Rd1 Qa5 11. Bd2 Qb6 12. Be1 cxd4 13. Nxd4 Ne5 14. Nc3 Bd7
15. Qb3 Qxb3 16. axb3 Rab8 17. Ra5 Ng6 18. Nc2 Rfc8 19. Ne3 Bb4 20. Raa1 Bc6
21. Nc4 Bxg2 22. Kxg2 Rc6 23. Kf1 b5 24. Ne3 Bc5 25. Ng2 Ne5 26. Nf4 Ned7 27.
Rac1 1/2-1/2

[Event "GBR-ch61"]
[Site "Clacton"]
[Date "1974.08.12"]
[Round "7"]
[White "Horner, Jeff"]
[Black "Law, Andrew P"]
[Result "0-1"]
[WhiteElo "2200"]
[BlackElo "2200"]
[PlyCount "60"]
[EventDate "1974.08.05"]
[EventType "swiss"]
[EventRounds "11"]
[EventCountry "GBR"]
[SourceTitle "BritBase"]
[SourceQuality "2"]

1. e4 c5 2. Nf3 d6 3. Nc3 Nf6 4. Bb5+ Bd7 5. Bxd7+ Qxd7 6. O-O Nc6 7. Re1 g6 8.
e5 dxe5 9. Nxe5 Nxe5 10. Rxe5 Rc8 11. d3 Bg7 12. Qf3 O-O 13. Bg5 b6 14. Rae1
Rce8 15. h3 Kh8 16. R5e2 Ng8 17. Bf4 e6 18. h4 Ne7 19. Ne4 Nf5 20. c3 e5 21.
Bg5 f6 22. Nxf6 Bxf6 23. Bxf6+ Rxf6 24. g4 Rd6 25. gxf5 Rxd3 26. Rxe5 Rg8 27.
Qf4 gxf5+ 28. Kh2 Qb7 29. f3 Rxf3 30. Qd2 Rf4 0-1

[Event "GBR-ch61"]
[Site "Clacton"]
[Date "1974.08.12"]
[Round "7"]
[White "Knox, Victor W"]
[Black "Mestel, A Jonathan"]
[Result "0-1"]
[WhiteElo "2200"]
[BlackElo "2270"]
[PlyCount "60"]
[EventDate "1974.08.05"]
[EventType "swiss"]
[EventRounds "11"]
[EventCountry "GBR"]
[SourceTitle "BritBase"]
[SourceQuality "2"]

1. e4 c5 2. Nf3 g6 3. d4 Bg7 4. Nc3 cxd4 5. Nxd4 Nc6 6. Be3 d6 7. Qd2 Nf6 8. f3
O-O 9. g4 Be6 10. g5 Nh5 11. Be2 Nxd4 12. Bxd4 Bxd4 13. Qxd4 Qa5 14. h4 Rac8
15. a3 Nf4 16. Rh2 Rc7 17. O-O-O Rfc8 18. Bd3 Rxc3 19. bxc3 Rxc3 20. Qb4 Qe5
21. Rhd2 a5 22. Qb2 Qc5 23. Kb1 Rxa3 24. e5 Nd5 25. exd6 Nc3+ 26. Kc1 Ra2 27.
dxe7 Rxb2 28. e8=Q+ Kg7 29. Kxb2 Qb4+ 30. Ka1 Qa3# 0-1

[Event "GBR-ch61"]
[Site "Clacton"]
[Date "1974.08.12"]
[Round "7"]
[White "Lennox, C Jonathan"]
[Black "Mabbs, David J"]
[Result "1-0"]
[WhiteElo "2200"]
[BlackElo "2200"]
[PlyCount "179"]
[EventDate "1974.08.05"]
[EventType "swiss"]
[EventRounds "11"]
[EventCountry "GBR"]
[SourceTitle "BritBase"]
[SourceQuality "2"]

1. e4 e5 2. Nf3 Nc6 3. Bb5 a6 4. Ba4 Nf6 5. O-O Be7 6. Re1 b5 7. Bb3 d6 8. c3
Na5 9. Bc2 c5 10. d4 Qc7 11. h3 Nc6 12. dxc5 dxc5 13. Nbd2 g5 14. Nf1 g4 15.
hxg4 Nxg4 16. Ng3 Rg8 17. Nf5 Be6 18. Be3 Rc8 19. Re2 Bxf5 20. exf5 e4 21. Bxe4
Nce5 22. g3 Nxe3 23. Rxe3 Ng4 24. Re2 Nxf2 25. Rxf2 Qxg3+ 26. Kf1 Rd8 27. Qe2
Kf8 28. Rg2 Qh3 29. Ng1 Qh6 30. Rxg8+ Kxg8 31. Qg4+ Kf8 32. Rd1 Rxd1+ 33. Qxd1
Qf4+ 34. Bf3 Qxf5 35. a3 h5 36. Qe2 h4 37. Qe4 Qg5 38. Bd1 Qc1 39. Qa8+ Kg7 40.
Qg2+ Kf8 41. Qe2 c4 42. Nh3 Bd6 43. Kg2 Bg3 44. Qc2 Qe3 45. Bf3 Be1 46. Qe2 Qc1
47. Bb7 Bd2 48. Bxa6 Qxb2 49. Bxb5 Qxc3 50. Qf3 Qg7+ 51. Kh1 Qa1+ 52. Ng1 Qd4
53. Qa8+ Kg7 54. Qg2+ Kf6 55. Qf1+ Ke7 56. Qxc4 Qxc4 57. Bxc4 Bc3 58. Nf3 Kf6
59. Kg2 Kg6 60. Nxh4+ Kh5 61. Kh3 f6 62. Nf3 Ba5 63. Bf7+ Kh6 64. Kg4 Kg7 65.
Bh5 Kf8 66. Kf5 Ke7 67. Nd4 Bc3 68. Ne2 Bd2 69. Nf4 Be1 70. Nd5+ Kd6 71. Nxf6
Kc5 72. a4 Ba5 73. Ke4 Bc3 74. Nd5 Ba5 75. Nf4 Kb4 76. Be8 Kc5 77. Nd3+ Kb6 78.
Kd5 Bc3 79. Ne5 Bb4 80. Nc4+ Ka6 81. Kc6 Bc3 82. Bd7 Be1 83. Bc8+ Ka7 84. a5
Kb8 85. Bb7 Ka7 86. a6 Bf2 87. Nd6 Bg1 88. Nc8+ Kb8 89. Ne7 Bf2 90. Kd7 1-0

[Event "GBR-ch61"]
[Site "Clacton"]
[Date "1974.08.12"]
[Round "7"]
[White "Stean, Michael F"]
[Black "Perkins, Alan H"]
[Result "1/2-1/2"]
[WhiteElo "2345"]
[BlackElo "2360"]
[PlyCount "43"]
[EventDate "1974.08.05"]
[EventType "swiss"]
[EventRounds "11"]
[EventCountry "GBR"]
[SourceTitle "BritBase"]
[SourceQuality "2"]

1. e4 e5 2. Nf3 Nc6 3. Bb5 a6 4. Ba4 d6 5. O-O Bd7 6. d4 Nf6 7. c3 Qe7 8. Re1
g6 9. dxe5 Nxe5 10. Nxe5 dxe5 11. Bg5 O-O-O 12. Qf3 Bg7 13. Bb3 h6 14. Bxf6
Bxf6 15. Na3 h5 16. Nc2 Bg4 17. Qe3 Kb8 18. f3 Bg5 19. Qf2 Rd2 20. Re2 Rxe2 21.
Qxe2 Be6 22. Rd1 1/2-1/2

[Event "GBR-ch61"]
[Site "Clacton"]
[Date "1974.08.12"]
[Round "7"]
[White "Webb, Roger"]
[Black "Lightfoot, Malcolm J"]
[Result "1-0"]
[WhiteElo "2200"]
[BlackElo "2200"]
[PlyCount "65"]
[EventDate "1974.08.05"]
[EventType "swiss"]
[EventRounds "11"]
[EventCountry "GBR"]
[SourceTitle "BritBase"]
[SourceQuality "2"]

1. c4 g6 2. Nc3 c5 3. g3 Bg7 4. Bg2 Nc6 5. a3 e6 6. Rb1 Nge7 7. b4 d6 8. Nf3
O-O 9. O-O Rb8 10. bxc5 dxc5 11. Ne4 b6 12. Bb2 Nd4 13. Nxd4 cxd4 14. d3 Bb7
15. a4 f5 16. Ng5 Bxg2 17. Kxg2 Qd7 18. Ba3 h6 19. Nf3 Rfe8 20. a5 e5 21. axb6
axb6 22. Bxe7 Rxe7 23. Rb5 e4 24. Nh4 Qc6 25. Kg1 Kh7 26. Qb3 Reb7 27. Ng2 Bf8
28. Rb1 Bc5 29. Nf4 Ra8 30. Nd5 Ra3 31. Qc2 exd3 32. exd3 Ra8 33. Qe2 1-0

[Event "GBR-ch61"]
[Site "Clacton"]
[Date "1974.08.13"]
[Round "8"]
[White "Bennett, Gerald H"]
[Black "Hindle, Owen M"]
[Result "1-0"]
[WhiteElo "2200"]
[BlackElo "2200"]
[PlyCount "133"]
[EventDate "1974.08.05"]
[EventType "swiss"]
[EventRounds "11"]
[EventCountry "GBR"]
[SourceTitle "BritBase"]
[SourceQuality "2"]

1. d4 Nf6 2. c4 g6 3. Nc3 Bg7 4. e4 O-O 5. Be3 d6 6. f3 b6 7. Bd3 Bb7 8. Qd2 c5
9. d5 e6 10. Nge2 exd5 11. exd5 Nbd7 12. O-O Ne5 13. b3 Nxd3 14. Qxd3 a6 15. a4
Bc8 16. Rae1 Re8 17. Qd2 Ra7 18. Bg5 Rae7 19. Qf4 Re5 20. Ne4 Bf5 21. N2g3 h6
22. Bxf6 Bxf6 23. Nxf5 gxf5 24. Nxf6+ Qxf6 25. Rxe5 Rxe5 26. h3 Kh7 27. Rd1 Re2
28. Rd2 Re1+ 29. Kh2 Qg5 30. Qxg5 hxg5 31. Rb2 a5 32. g3 Kg6 33. f4 Re3 34.
fxg5 Kxg5 35. Kg2 f4 36. gxf4+ Kf5 37. Rb1 Ke4 38. h4 f5 39. h5 Kxf4 40. Rf1+
Kg4 41. h6 Re7 42. Kf2 Rh7 43. Rg1+ Kh5 44. Kf3 Kxh6 45. Kf4 Rf7 46. Rg8 Kh7
47. Rb8 Kg6 48. Rxb6 Rd7 49. Ra6 Kf6 50. Rxa5 Rh7 51. Ra8 Rh4+ 52. Kg3 Rg4+ 53.
Kf3 Ke5 54. a5 Rh4 55. Re8+ Kd4 56. a6 Rh7 57. Kf4 Ra7 58. Kxf5 Rxa6 59. Rb8
Kc3 60. Ke6 Kd4 61. Kd7 Ke5 62. Re8+ Kd4 63. Kc7 Ra3 64. Kxd6 Rxb3 65. Kc6 Kxc4
66. d6 Rh3 67. Re5 1-0

[Event "GBR-ch61"]
[Site "Clacton"]
[Date "1974.08.13"]
[Round "8"]
[White "Botterill, George Steven"]
[Black "Stean, Michael F"]
[Result "0-1"]
[WhiteElo "2410"]
[BlackElo "2345"]
[PlyCount "78"]
[EventDate "1974.08.05"]
[EventType "swiss"]
[EventRounds "11"]
[EventCountry "GBR"]
[SourceTitle "BritBase"]
[SourceQuality "2"]

1. d4 Nf6 2. c4 c5 3. d5 b5 4. cxb5 a6 5. bxa6 Bxa6 6. Nc3 d6 7. g3 g6 8. Bg2
Bg7 9. Nf3 O-O 10. O-O Nbd7 11. h3 Nb6 12. Re1 Nfd7 13. Qc2 Qc7 14. Rb1 Bc4 15.
a3 Bxd5 16. Nxd5 Nxd5 17. Nh2 e6 18. Rd1 N7b6 19. e4 Ne7 20. e5 d5 21. Ng4 Nd7
22. Bf4 Qb6 23. Bg5 Nf5 24. Nf6+ Bxf6 25. exf6 h6 26. Bc1 Nxf6 27. b4 c4 28.
Qc3 Kg7 29. g4 Nd6 30. Bb2 Nde8 31. h4 Kh7 32. g5 Nh5 33. Rd4 Nd6 34. Bf3 Nb5
35. Qd2 Ng7 36. Rf4 Nf5 37. h5 hxg5 38. Rxf5 gxf5 39. Kh1 c3 0-1

[Event "GBR-ch61"]
[Site "Clacton"]
[Date "1974.08.13"]
[Round "8"]
[White "Hartston, William Roland"]
[Black "Mestel, A Jonathan"]
[Result "1/2-1/2"]
[WhiteElo "2480"]
[BlackElo "2270"]
[PlyCount "200"]
[EventDate "1974.08.05"]
[EventType "swiss"]
[EventRounds "11"]
[EventCountry "GBR"]
[SourceTitle "BritBase"]
[SourceQuality "2"]

1. d3 b6 2. Nf3 e6 3. g3 Nf6 4. Bg2 Be7 5. O-O Bb7 6. Nbd2 O-O 7. e4 c5 8. Re1
d6 9. a4 Nbd7 10. a5 Qc7 11. Nc4 Rad8 12. axb6 axb6 13. Bf4 b5 14. Na5 Ba8 15.
Qe2 Qb6 16. Ra2 Ne8 17. Rea1 Nc7 18. h4 Nb8 19. b4 Nc6 20. bxc5 dxc5 21. Nxc6
Bxc6 22. Ra7 Bd6 23. Bxd6 Rxd6 24. e5 Rdd8 25. Ng5 h6 26. Bxc6 Qxc6 27. Qe4
Qxe4 28. Nxe4 Nd5 29. R1a5 Nb4 30. Rxb5 Nxc2 31. Nxc5 Nd4 32. Rbb7 Nc6 33. Nxe6
Nxa7 34. Nxd8 Rxd8 35. Rxa7 Rxd3 36. Ra8+ Kh7 37. h5 Rd5 38. Re8 g6 39. hxg6+
Kxg6 40. Re7 Rd2 41. Kg2 Ra2 42. g4 f5 43. exf6 Kxf6 44. Rb7 Ra5 45. Rb6+ Kg7
46. f4 Ra3 47. Re6 Rb3 48. Kf2 Rb1 49. Kf3 Rb4 50. Rd6 Ra4 51. Ke3 Rb4 52. Rd4
Rb6 53. Ke4 Kf6 54. Rc4 Re6+ 55. Kd5 Re1 56. Rc6+ Kg7 57. Rc7+ Kf6 58. Rc6+ Kg7
59. f5 Rd1+ 60. Ke6 Re1+ 61. Kd7 Re4 62. Re6 Ra4 63. Ke7 Ra7+ 64. Kd6 Ra4 65.
Rg6+ Kh7 66. Ke5 Ra5+ 67. Kf4 Ra4+ 68. Kg3 Ra3+ 69. Kh4 Ra1 70. Re6 Kg7 71.
Re7+ Kf6 72. Rh7 Rh1+ 73. Kg3 Rg1+ 74. Kf3 Rh1 75. Ke4 Re1+ 76. Kd5 Rd1+ 77.
Ke4 Re1+ 78. Kf3 Rh1 79. Rh8 Kg7 80. Ra8 Rb1 81. Kg2 Rb2+ 82. Kg3 Rb3+ 83. Kf4
Rb4+ 84. Ke5 Rb5+ 85. Ke6 Rb6+ 86. Ke7 Rb7+ 87. Ke8 Rf7 88. Ra5 Rf8+ 89. Kd7
Rf7+ 90. Ke6 Rf6+ 91. Kd5 Rf7 92. Ra6 h5 93. Rg6+ Kf8 94. f6 hxg4 95. Rh6 Kg8
96. Ke6 g3 97. Rg6+ Kf8 98. Rh6 Kg8 99. Rh3 Ra7 100. Rxg3+ Kf8 1/2-1/2

[Event "GBR-ch61"]
[Site "Clacton"]
[Date "1974.08.13"]
[Round "8"]
[White "Holloway, Nigel J"]
[Black "Webb, Roger"]
[Result "1-0"]
[WhiteElo "2200"]
[BlackElo "2200"]
[PlyCount "69"]
[EventDate "1974.08.05"]
[EventType "swiss"]
[EventRounds "11"]
[EventCountry "GBR"]
[SourceTitle "BritBase"]
[SourceQuality "2"]

1. Nf3 Nf6 2. c4 e6 3. Nc3 c5 4. g3 b6 5. Bg2 Bb7 6. O-O Be7 7. b3 O-O 8. Bb2
Nc6 9. d4 Nxd4 10. Nxd4 Bxg2 11. Kxg2 cxd4 12. Qxd4 Qc7 13. e4 Rfd8 14. f3 Qc5
15. Rad1 Qxd4 16. Rxd4 Rab8 17. Rfd1 Rb7 18. R4d3 Ne8 19. f4 a6 20. a4 Bb4 21.
e5 Be7 22. Kf3 Kf8 23. g4 f6 24. Ne4 b5 25. axb5 axb5 26. c5 f5 27. gxf5 exf5
28. Nd6 Bxd6 29. exd6 b4 30. Rd5 g6 31. Re1 Ra7 32. Re7 Ra2 33. Rd2 Ra5 34. Bd4
Ra3 35. Rd3 1-0

[Event "GBR-ch61"]
[Site "Clacton"]
[Date "1974.08.13"]
[Round "8"]
[White "Knox, Victor W"]
[Black "Horner, Jeff"]
[Result "1-0"]
[WhiteElo "2200"]
[BlackElo "2200"]
[PlyCount "81"]
[EventDate "1974.08.05"]
[EventType "swiss"]
[EventRounds "11"]
[EventCountry "GBR"]
[SourceTitle "BritBase"]
[SourceQuality "2"]

1. e4 e6 2. d4 d5 3. Nc3 Be7 4. Nf3 Nf6 5. Bd3 b6 6. O-O dxe4 7. Nxe4 Bb7 8.
Qe2 Nbd7 9. Re1 O-O 10. Neg5 Qe8 11. Ne5 h6 12. Ngf3 Nxe5 13. Nxe5 Rd8 14. c3
Kh8 15. Bf4 Rg8 16. h4 Bd6 17. Rad1 Qe7 18. Bb1 Bxe5 19. Bxe5 Nh7 20. Qd3 Nf8
21. Qg3 Rd7 22. c4 f6 23. Bf4 Qf7 24. Qh3 Qh5 25. g4 Qf7 26. h5 c5 27. dxc5 e5
28. Rxd7 Qxd7 29. Be3 bxc5 30. f3 Qf7 31. b3 Ne6 32. Rd1 Qc7 33. Qg2 Rf8 34.
Bf5 Nd4 35. Bxd4 exd4 36. Re1 Rd8 37. Qe2 g6 38. hxg6 Qg3+ 39. Kf1 Bxf3 40. g7+
Kg8 41. Qe6+ 1-0

[Event "GBR-ch61"]
[Site "Clacton"]
[Date "1974.08.13"]
[Round "8"]
[White "Lightfoot, Malcolm J"]
[Black "Clarke, Peter Hugh"]
[Result "0-1"]
[WhiteElo "2200"]
[BlackElo "2355"]
[PlyCount "80"]
[EventDate "1974.08.05"]
[EventType "swiss"]
[EventRounds "11"]
[EventCountry "GBR"]
[SourceTitle "BritBase"]
[SourceQuality "2"]

1. e4 e6 2. d4 d5 3. Nd2 dxe4 4. Nxe4 Nd7 5. Nf3 Be7 6. Bd3 Ngf6 7. Nxf6+ Bxf6
8. Qe2 Qe7 9. O-O c5 10. c3 cxd4 11. cxd4 Nb6 12. Bd2 Bd7 13. Ne5 Bxe5 14. dxe5
Bc6 15. Rac1 Qd7 16. Be3 Nd5 17. Rfd1 Nxe3 18. Qxe3 Qd5 19. Bf1 Qa5 20. Qg3 g6
21. h4 Rd8 22. h5 Rd5 23. Re1 Qd8 24. Bc4 Rd4 25. Qe3 gxh5 26. Qh3 Rg8 27. Bxe6
fxe6 28. Qxe6+ Kf8 29. Qf5+ Kg7 30. e6 Qf6 31. Qxh5 Rd5 32. Qh3 Qe7 33. Re3 Kh8
34. g3 Rgd8 35. Rce1 Rd1 36. Qh5 Rxe1+ 37. Rxe1 Rd5 38. Qf3 a6 39. Qc3+ Kg8 40.
Qc1 Rh5 0-1

[Event "GBR-ch61"]
[Site "Clacton"]
[Date "1974.08.13"]
[Round "8"]
[White "Mabbs, David J"]
[Black "Ludgate, Alan Templeton"]
[Result "1/2-1/2"]
[WhiteElo "2200"]
[BlackElo "2200"]
[PlyCount "46"]
[EventDate "1974.08.05"]
[EventType "swiss"]
[EventRounds "11"]
[EventCountry "GBR"]
[SourceTitle "BritBase"]
[SourceQuality "2"]

1. e4 g6 2. d4 Bg7 3. Nc3 d6 4. f4 c6 5. Nf3 Bg4 6. Be3 Qb6 7. Qd3 f5 8. e5
Bxf3 9. gxf3 d5 10. Nd1 e6 11. Qb3 Nd7 12. Nf2 Ne7 13. c3 Nc8 14. Nd3 Bf8 15.
Qc2 Qd8 16. b3 b5 17. a3 Ncb6 18. Ra2 a5 19. h4 h5 20. Kf2 Be7 21. Kg3 Kf7 22.
Qf2 Qf8 23. Nc5 Ra7 1/2-1/2

[Event "GBR-ch61"]
[Site "Clacton"]
[Date "1974.08.13"]
[Round "8"]
[White "Perkins, Alan H"]
[Black "Haygarth, Michael J"]
[Result "1/2-1/2"]
[WhiteElo "2360"]
[BlackElo "2200"]
[PlyCount "36"]
[EventDate "1974.08.05"]
[EventType "swiss"]
[EventRounds "11"]
[EventCountry "GBR"]
[SourceTitle "BritBase"]
[SourceQuality "2"]

1. c4 e5 2. Nc3 Nc6 3. g3 g6 4. Bg2 Bg7 5. Rb1 d6 6. b4 Nf6 7. e3 O-O 8. Nge2
Bf5 9. d3 Qc8 10. h3 Ne7 11. b5 Re8 12. a4 Rb8 13. Ba3 h6 14. a5 Qd7 15. e4 Be6
16. Nd5 c6 17. Nxe7+ Qxe7 18. O-O Qd7 1/2-1/2

[Event "GBR-ch61"]
[Site "Clacton"]
[Date "1974.08.13"]
[Round "8"]
[White "Thomas, Ronald"]
[Black "Eley, Brian Ratcliffe"]
[Result "1-0"]
[WhiteElo "2200"]
[BlackElo "2350"]
[PlyCount "41"]
[EventDate "1974.08.05"]
[EventType "swiss"]
[EventRounds "11"]
[EventCountry "GBR"]
[SourceTitle "BritBase"]
[SourceQuality "2"]

1. d4 Nf6 2. c4 e6 3. Nc3 Bb4 4. e3 O-O 5. Nge2 d5 6. a3 Be7 7. cxd5 exd5 8. g3
Re8 9. Bg2 c6 10. O-O Bf5 11. f3 Bd6 12. Nf4 h5 13. Re1 Bxf4 14. gxf4 Nbd7 15.
e4 dxe4 16. fxe4 Bg4 17. Qc2 Nb6 18. Be3 Re7 19. f5 a5 20. h3 Bxf5 21. exf5 1-0

[Event "GBR-ch61"]
[Site "Clacton"]
[Date "1974.08.13"]
[Round "8"]
[White "Webb, Simon"]
[Black "Law, Andrew P"]
[Result "1/2-1/2"]
[WhiteElo "2380"]
[BlackElo "2200"]
[PlyCount "63"]
[EventDate "1974.08.05"]
[EventType "swiss"]
[EventRounds "11"]
[EventCountry "GBR"]
[SourceTitle "BritBase"]
[SourceQuality "2"]

1. Nf3 f5 2. g3 Nf6 3. Bg2 d6 4. d4 e6 5. O-O Be7 6. c4 O-O 7. Nc3 Ne4 8. Qc2
Nxc3 9. Qxc3 Bf6 10. c5 Nc6 11. cxd6 cxd6 12. Rd1 d5 13. b3 Bd7 14. a4 Rc8 15.
Qd2 Be7 16. Ba3 Bxa3 17. Rxa3 Qa5 18. Qxa5 Nxa5 19. Ne5 Be8 20. Bf3 Rc3 21. Rd3
Rc1+ 22. Kg2 Nc6 23. Nxc6 Bxc6 24. b4 Rc4 25. b5 Bd7 26. e3 Rfc8 27. Rd2 Kf7
28. Be2 Rc1 29. Raa2 Ke7 30. h4 Kd6 31. Bd3 h6 32. Rdc2 1/2-1/2

[Event "GBR-ch61"]
[Site "Clacton"]
[Date "1974.08.13"]
[Round "8"]
[White "Williams, Arthur Howard"]
[Black "Lennox, C Jonathan"]
[Result "1-0"]
[WhiteElo "2405"]
[BlackElo "2200"]
[PlyCount "63"]
[EventDate "1974.08.05"]
[EventType "swiss"]
[EventRounds "11"]
[EventCountry "GBR"]
[SourceTitle "BritBase"]
[SourceQuality "2"]

1. d4 Nf6 2. c4 c5 3. d5 e6 4. Nc3 exd5 5. cxd5 d6 6. e4 g6 7. f4 Bg7 8. Bb5+
Nfd7 9. Bd3 O-O 10. Nf3 Na6 11. O-O Rb8 12. Be3 Nf6 13. a4 Nb4 14. Kh1 a6 15.
Bb1 Re8 16. e5 dxe5 17. Bxc5 Nfxd5 18. Nxd5 Nxd5 19. fxe5 Be6 20. Qd2 Rc8 21.
Bd6 Qb6 22. Ra3 Nc7 23. Rc3 Nd5 24. Rd3 Nc7 25. Rd4 a5 26. Ng5 Bb3 27. Rh4 Bxe5
28. Bxe5 Rxe5 29. Ne4 Rce8 30. Qh6 Qa6 31. Qxh7+ Kf8 32. Qh8+ 1-0

[Event "GBR-ch61"]
[Site "Clacton"]
[Date "1974.08.13"]
[Round "8"]
[White "Wise, Derek Maurice"]
[Black "Hardy, Otto H"]
[Result "1-0"]
[WhiteElo "2200"]
[BlackElo "2200"]
[PlyCount "37"]
[EventDate "1974.08.05"]
[EventType "swiss"]
[EventRounds "11"]
[EventCountry "GBR"]
[SourceTitle "BritBase"]
[SourceQuality "2"]

1. e4 c5 2. Nf3 d6 3. Bb5+ Nd7 4. d4 Ngf6 5. Nc3 cxd4 6. Qxd4 g6 7. Bg5 Bg7 8.
O-O-O O-O 9. e5 dxe5 10. Nxe5 Qa5 11. Nc4 Qc7 12. Rhe1 a6 13. Bxd7 Nxd7 14. Nd5
Qxh2 15. Nxe7+ Kh8 16. Qe3 Qc7 17. Rh1 Nf6 18. Bxf6 Bxf6 19. Rxh7+ 1-0

[Event "GBR-ch61"]
[Site "Clacton"]
[Date "1974.08.14"]
[Round "9"]
[White "Botterill, George Steven"]
[Black "Thomas, Ronald"]
[Result "1-0"]
[WhiteElo "2410"]
[BlackElo "2200"]
[PlyCount "35"]
[EventDate "1974.08.05"]
[EventType "swiss"]
[EventRounds "11"]
[EventCountry "GBR"]
[SourceTitle "BritBase"]
[SourceQuality "2"]

1. e4 e5 2. Nf3 Nc6 3. d4 exd4 4. Nxd4 Bc5 5. Nb3 Bb6 6. a4 a6 7. Nc3 Nge7 8.
Bg5 O-O 9. Nd5 Ba7 10. Nf6+ gxf6 11. Bxf6 Qe8 12. Qh5 Nd8 13. Qh6 Ne6 14. O-O-O
Bxf2 15. Rd3 Ng6 16. Rh3 Bh4 17. Rxh4 Nxh4 18. Qxh4 1-0